|
|
|
|
| LEADER |
00760nam a22002532a 4500 |
| 001 |
001169574 |
| 003 |
CZ BrMZK |
| 005 |
20120321144450.0 |
| 007 |
ta |
| 008 |
110920s1978 xo er|||||||||||slo d |
| 040 |
|
|
|a PNA001
|b cze
|
| 080 |
9 |
|
|a 821.162.4-32
|
| 080 |
9 |
|
|a (0:82-321.2)
|
| 100 |
1 |
|
|a Rappensbergerová, Naďa,
|d 1936-
|7 jn19981002073
|4 aut
|
| 245 |
1 |
0 |
|a Jediné ráno /
|c Naďa Rappensbergerová
|
| 250 |
|
|
|a 1. vyd.
|
| 260 |
|
|
|a Bratislava :
|b Slovenský spisovateľ,
|c 1978
|
| 300 |
|
|
|a 138 s. ;
|c 8°
|
| 490 |
1 |
|
|a Nová próza
|
| 830 |
|
0 |
|a Nová próza (Slovenský spisovateľ)
|
| 910 |
|
|
|a BOA001
|b 2-0790.768
|
| 990 |
|
|
|a BK
|
| 991 |
|
|
|b 201109
|
| 996 |
7 |
|
|b 2619473478
|c 2-0790.768
|l MZK
|r Sklad / do 1 hodiny
|n 0
|w 001203056
|u 000010
|a 1
|e BOA001
|j MZK50
|s A
|